000
00297nam a22001337a 4500
008
170425b xxu||||| |||| 00| 0 eng d
020
_a
9781429209892
041
_a
eng
080
_2
2ND
_a
54
100
_a
12
101
_a
SHM
245
_a
INVESTIGATING CHEMISTRY
_c
JOHLL, M.E
942
_2
udc
_c
BK
999
_c
11891
_d
11891